Bangladesh gazetteer /

Bibliografiske detaljer
Andre forfattere: Bakshi, S. R. (Shiri Ram), 1935-
Format: Bog
Sprog:English
Udgivet: New Delhi : Cosmo Publication, 2000.
Fag:
Classic Catalogue: View this record in Classic Catalogue
LEADER 00883nam a2200229 a 4500
001 12327376
008 090803s2000 ii b d 000 0 eng d
010 |a  00289531  
020 |a 8177550179 (set) 
020 |a 8177550187(volume- 1) 
040 |a DLC  |c DLC  |d DLC 
082 0 0 |a 915.492/003  |2 21 
245 0 0 |a Bangladesh gazetteer /  |c editor, S.R. Bakshi. 
260 |a New Delhi :  |b Cosmo Publication,  |c 2000. 
300 |a 333 p. ;  |c 22 cm. 
504 |a Includes bibliographical references. 
541 1 |e 00011936 
651 0 |a Bangladesh  |v Gazetteers. 
700 1 |a Bakshi, S. R.  |q (Shiri Ram),  |d 1935- 
852 4 |a Ayesha Abed Library  |j General shelf  
999 |c 3026  |d 3026 
952 |0 0  |1 0  |2 ddc  |4 0  |6 915_492003000000000_BAN_2000  |7 0  |9 2741  |a BRACUL  |b BRACUL  |c GEN  |d 2009-08-18  |g 0.00  |l 1  |o 915.492003 BAN  |p 3010011936  |r 2010-06-09  |s 2010-06-07  |t 1  |w 2009-08-18  |y BK  |x No price found in the accession register.